| 000 | 00349nam a22001457a 4500 | ||
|---|---|---|---|
| 003 | OSt | ||
| 005 | 20220216112917.0 | ||
| 008 | 220216b |||||||| |||| 00| 0 eng d | ||
| 020 | _a139780135029503 | ||
| 040 | _cHU | ||
| 082 |
_22nd _a629.254 |
||
| 100 |
_aHalderman _930673 |
||
| 245 | _aAutomotive Electricity & Electronics | ||
| 942 |
_2ddc _cBOOKS _n0 |
||
| 999 |
_c30568 _d30568 |
||